Obálka Náhled e-knihy:
PDF
Pro půjčování e-knih musíte být přihlášeni.
Jak si půjčit online?

Ježko Sonic = Sonic the hedgehog. Mesto v kríze /

Další komiksová dobrodružství ježka Sonica známého z videoher a animovaných seriálů.

Uloženo v:
Hlavní autor: Flynn, Ian, 1982- (Autor)
Další autoři: Yardley!, Tracy, 1979- (Autor), Lawrence, Jack, 1975- (Ilustrátor), Močková Lorková, Zuzana (Ilustrátor)
Médium: E-kniha
Jazyk:Slovak
Vydáno: V Prahe : Alicanto, 2024
Vydání:Prvé vydanie
Témata:
Tagy:
Žádné tagy
LEADER 02568nam a2200541 i 4500
001 312592
003 CZ PrSKC
005 20260601215725.0
007 ta
008 241128s2024 xr a b 6 000 1 slo
015 |a cnb003645109 
020 |a 9788025258712  |q (brožováno) 
035 |a (OCoLC)1498301619 
040 |a ABG001  |b cze  |e rda 
041 1 |a slo  |h eng 
072 7 |a 741.52  |x Komiksy. Komiksové adaptace  |2 Konspekt 
072 7 |a 821-93  |x Literatura pro děti a mládež (beletrie)  |2 Konspekt 
080 |a 741.52(0:82-321.3)  |2 MRF 
080 |a 821-93  |2 MRF 
100 1 |a Flynn, Ian,  |d 1982-  |7 xx0263812  |4 aut 
240 1 0 |a Sonic the hedgehog.  |l Slovensky 
245 1 0 |a Ježko Sonic =  |b Sonic the hedgehog.  |p Mesto v kríze /  |c autor Ian Flynn ; kresby Tracy Yardley, Jack Lawrence ; z anglického originálu ... do slovenčiny preložila Zuzana Močková Lorková 
246 3 0 |a Mesto v kríze 
246 3 1 |a Sonic the hedgehog 
250 |a Prvé vydanie 
264 1 |a V Prahe :  |b Alicanto,  |c 2024 
300 |a 88 nečíslovaných stran :  |b barevné ilustrace ;  |c 26 cm 
336 |a text  |b txt  |2 rdacontent 
336 |a statický obraz  |b sti  |2 rdacontent 
337 |a bez média  |b n  |2 rdamedia 
338 |a svazek  |b nc  |2 rdacarrier 
500 |a Na titulní stránce uveden držitel práv Sega 
500 |a Na hřbetu číslo svazku v sérii: 5 
520 2 |a Další komiksová dobrodružství ježka Sonica známého z videoher a animovaných seriálů.  |b Dr. Eggman infikuje celou planetu svým kovovým virem. Podaří se Sonicovi v kritické situaci zachránit město? Nebo najde nepřítele, kterému se nebude moci postavit? Nakladatelská anotace. 
521 8 |a Pro děti od 8 let 
655 7 |a akční a dobrodružné komiksy  |7 fd1057471  |2 czenas 
655 7 |a publikace pro děti  |7 fd133156  |2 czenas 
655 9 |a action and adventure comics  |2 eczenas 
655 9 |a children's literature  |2 eczenas 
700 1 |a Yardley!, Tracy,  |d 1979-  |7 xx0307847  |4 ill 
700 1 |a Lawrence, Jack,  |d 1975-  |7 xx0245696  |4 ill 
700 1 |a Močková Lorková, Zuzana  |7 ola20241219110  |4 trl 
900 |a ABA001  |b 20 
928 9 |a Albatros Media - Alicanto 
044 |a xr 
910 |a RBIT002 
998 |d 416447  |a https://core.palmknihy.cz/api/books/416447/cover?so1swi  |b https://core.palmknihy.cz/api/books/416447/cover/400?so1swi  |c https://core.palmknihy.cz/api/books/416447/cover/50?so1swi  |e 2027-06-30  |g 88  |i 9788025258712  |k https://core.palmknihy.cz/api/books/416447/preview.pdf  |l   |q 49  |r 1  |s https://www.palmknihy.cz/kniha/416447  |t ebook  |y 2024  |z 0 
999 |d 312590